| 000 | 00466nam a22001817a 4500 | ||
|---|---|---|---|
| 003 | OSt | ||
| 005 | 20250513171624.0 | ||
| 008 | 250513b |||||||| |||| 00| 0 eng d | ||
| 020 | _a9781009400619 | ||
| 082 |
_a791.43 _bRAIN |
||
| 100 | _aRai,Swapnil | ||
| 245 | _aNetworked Bollywood : How star power globlized Hindi cinema | ||
| 260 |
_aUK _bCambridge University Press |
||
| 300 | _a313p. | ||
| 546 | _aEnglish | ||
| 651 | _aPerforming arts | ||
| 942 |
_2ddc _cBK |
||
| 999 |
_c3789 _d3789 |
||